00438nam a2200121 a 450000100100000000500170001000800410002704000250006811000700009324500860016326000390024930000280028800002742520200930030827.0110331s1987 dr 000 0 spa d aDO-SdBNPbspacBNPHU1 aRepública Dominicana.bInstituto Nacional de la Vivienda (INVI)10aEstadísticas Básicas del sector vivienda :bRepública Dominicana 1980-1985. aSanto Domingo :bUniversal,c1987. a150 p. :bil. ;c28 cm.